000 01050nam0a22003011 4500
001 rc\2229486
005 20250623032412.0
035 _a(NLR Aleph) 006544768
090 _a6675433
_c6675433
100 _a20110826d1978 |||y0rusy50 ca
101 0 _arus
102 _aRU
105 _aa z |||||
200 1 _aМеханическая технология обработки почвы
_e(Учеб. пособие)
210 _aМосква
_cМИИСП
_d1978
215 _a65 с.
_cил.
_d21
300 _aВ надзаг.: Моск. ин-т инженеров с.-х. пр-ва им. В.П. Горячкина
606 _aПочвы
_xОбработка
_xМеханизация
_2psbo
686 _aП072.2-113.2я73-1
_2rubbk
700 1 _aТимофеев
_bА.И.
701 1 _aСакун
_bВ.А.
_gВячеслав Александрович
801 0 _aRU
_bNLR
_gpsbo
801 1 _aRU
_bELAR
_2rusmarc
852 _aNLR
_j78-6/5368
899 _aRuMoRGB
_jБ 78-55/1845
899 _aRuMoRGB
_jБ 78-55/1846
942 _cBOOK
980 _aNB